00982cam a22003134a 450000100090000000300040000900500170001300800410003001000170007102000150008804000180010304200080012105000240012910000260015324500540017924600190023324600170025226000410026930000280031052100070033852600090034556200060035465000270036085600900038790600450047794200120052299900170053495201170055113338306OSt20140410084248.0030910s2003 nyua 000 0 eng  a 2003276787 a043946854X aDLCcDLCdDLC apcc00aGV 749.7b.M29 20051 aMaxwell, E. J.92575910aXtreme sports :bcutting edge /cby E.J. Maxwell.3 aextreme sports30aCutting edge aNew York :bScholastic Inc.,cc2003. a95 p. :bill. ;c20 cm. aG9 c1020 e1 0aExtreme sports.925368423Publisher descriptionuhttp://www.loc.gov/catdir/description/schol051/2003276787.html a7bcbccorignewd3encipf20gy-gencatlg 2lcccBK c34042d34042 00102lcc40aLUXbLUXcSCHOd2013-10-08l0oGV 749.7 .M29 2005pLEX0589r2017-04-18 00:00:00t1w2013-10-08yBK